नोबेल पुरस्कार विजेता साहित्यकार / (Record no. 82968)
[ view plain ]
| 000 -LEADER | |
|---|---|
| fixed length control field | 00849nam a22002297a 4500 |
| 005 - DATE AND TIME OF LATEST TRANSACTION | |
| control field | 20140312120748.0 |
| 008 - FIXED-LENGTH DATA ELEMENTS--GENERAL INFORMATION | |
| fixed length control field | 081106t xxu||||| |||| 00| d hin d |
| 010 ## - LCCN (DPL NO) | |
| LC control number | HIN-101943 |
| 020 ## - INTERNATIONAL STANDARD BOOK NUMBER | |
| Terms of availability | 225.00 |
| International Standard Book Number | 9788170282150 |
| 035 ## - SYSTEM CONTROL NUMBER | |
| System control number | HN-74289 |
| 037 ## - SOURCE OF ACQUISITION | |
| Source of stock number/acquisition | DBAD / PUB |
| 040 ## - CATALOGING SOURCE | |
| Original cataloging agency | DPL |
| Language of cataloging | HN |
| 082 ## - DEWEY DECIMAL CLASSIFICATION NUMBER | |
| Classification number | 920 |
| 100 ## - MAIN ENTRY--PERSONAL NAME | |
| 9 (RLIN) | 27262 |
| Personal name | राज बहादुर सिंह |
| 245 ## - TITLE STATEMENT | |
| Title | नोबेल पुरस्कार विजेता साहित्यकार / |
| Statement of responsibility, etc | राज बहादुर सिंह |
| 260 ## - PUBLICATION, DISTRIBUTION, ETC. (IMPRINT) | |
| Place of publication, distribution, etc | दिल्ली |
| Name of publisher, distributor, etc | राजपाल एण्ड संस |
| Date of publication, distribution, etc | 2012 |
| 270 ## - ADDRESS | |
| Address | कश्मीरी गेट |
| City | दिल्ली |
| Postal code | 110008 |
| 300 ## - PHYSICAL DESCRIPTION | |
| Extent | 310पृ. |
| Dimensions | 22सेमी(सजिल्द) |
| 650 ## - SUBJECT ADDED ENTRY--TOPICAL TERM | |
| 9 (RLIN) | 27268 |
| 700 ## - ADDED ENTRY--PERSONAL NAME | |
| Personal name | |
| 9 (RLIN) | 27271 |
| 942 ## - ADDED ENTRY ELEMENTS (KOHA) | |
| Source of classification or shelving scheme | Dewey Decimal Classification |
| Item type | Hindi Books |
| Call number suffix | राजब |
| Classification part | 920 |
| Withdrawn status | Lost status | Source of classification or shelving scheme | Damaged status | Not for loan | Collection code | Home library | Current library | Date acquired | Source of acquisition | Cost, normal purchase price | Total Checkouts | Full call number | Barcode | Date last seen | Copy number | Cost, replacement price | Koha item type |
|---|---|---|---|---|---|---|---|---|---|---|---|---|---|---|---|---|---|
| Dewey Decimal Classification | Not For Loan | Non-fiction | D.B.Act.Division | D.B.Act.Division | 12/03/2014 | DBAD/PUB | 225.00 | 920 राजब | HN-74289 | 12/03/2014 | 1 | 225.00 | Hindi Books |
